Carregando...

Capitalism, socialism and the environment /

Detalhes bibliográficos
Autor principal: Stretton, Hugh
Formato: Printed Book
Idioma:English
Publicado em: Cambridge: Cambridge University Press, 1976.
Assuntos:
LEADER 00602 a2200157 4500
008 100208b ||||| |||| 00| 0 eng d
082 |a 335 
100 |a Stretton, Hugh. 
245 |a Capitalism, socialism and the environment /  |c Hugh Stretton 
260 |b Cambridge University Press,  |a Cambridge:  |c 1976. 
650 |a Capitalism 
650 |a Socialism 
650 |a Environmental policy 
942 |c BK 
999 |c 310785  |d 310785 
952 |0 0  |1 0  |2 ddc  |4 0  |6 335_000000000000000_STR_C  |7 0  |9 356877  |a ECN  |b ECN  |c GEN  |d 2010-09-07  |e Blackie & Son (India) Ltd., Madras  |g 0.00  |i 1296  |l 0  |o 335 STR/C  |p ECN1296  |r 2010-09-07  |w 2010-09-07  |y BK